Filosofía viva: antología de textos filosóficos /
Guardado en:
| Autor Principal: | |
|---|---|
| Formato: | Libro |
| Publicado: |
Buenos Aires :
A-z,
1992
|
| Materias: | |
| Etiquetas: |
Agregar Etiqueta
Sin Etiquetas, Sea el primero en etiquetar este registro!
|
| LEADER | 00811nam a22001935a 4500 | ||
|---|---|---|---|
| 001 | CEM.cems016514 | ||
| 005 | 20140226100957.0 | ||
| 008 | 130507s1992##################000#0#####d | ||
| 003 | CEMS | ||
| 082 | 0 | 4 | |a 100 |
| 100 | 1 | |a Frassineti de Gallo, Martha Susana | |
| 245 | 1 | 0 | |a Filosofía viva: antología de textos filosóficos / |c Martha Susana Frassineti de Gallo y Esther Fernández Aguirre |
| 260 | |a Buenos Aires : |b A-z, |c 1992 | ||
| 300 | |a 310 p. | ||
| 505 | 0 | |a Caracterización de la filosofía -- Las primeras preguntas filosóficas -- Las preguntas que suscitaron esas respuestas | |
| 653 | |a Filosofía | ||
| 859 | |a CEMS |b BIB. CEMS - Agricultura |h 100 |i F864-1 |p A16911.93 |t Ej.1 | ||
| 859 | |a CEMS |b BIB. CEMS - 11 de abril |h 100 |i F864-1 |p 16823.92 |t Ej.1 | ||
| 859 | |a CEMS |b BIB. CEMS - 11 de abril |h 100 |i F864-1 |p 20330.99 |t Ej.2 | ||
